MARC details
| 000 -LEADER |
| fixed length control field |
01221cam a2200205 4500 |
| 008 - FIXED-LENGTH DATA ELEMENTS--GENERAL INFORMATION |
| fixed length control field |
000000n2000 000 0 eng u |
| 035 ## - SYSTEM CONTROL NUMBER |
| System control number |
(Sirsi) u105031 |
| 245 ## - TITLE STATEMENT |
| Title |
Forfeiture |
| 260 ## - PUBLICATION, DISTRIBUTION, ETC. |
| Date of publication, distribution, etc. |
2000 |
| 490 ## - SERIES STATEMENT |
| Series statement |
Estates Gazette Case Summaries |
| Volume/sequential designation |
[2000] EGCS 33 (1) |
| 520 ## - SUMMARY, ETC. |
| Summary, etc. |
CA 3 March 2000. "Crawford v Clarke". In 1995 the landlord complained the tenant had made unauthorised alterations, and served a notice under the Law of Property Act 1925 S146. In 1996 the landlord brought proceedings under the Leasehold Repairs Act 1938 . In 1998 , the parties entered into a consent order, and it was ordered that the lease be forfeited , but that the tenant be granted relief from forfeiture on condition that the tenant complied with terms set out in an agreed schedule. The tenant failed to keep up with building payments and applied for an extension of time on three occasions, but refused on the third application. The tenant appealed. Held, appeal dismissed. |
| 650 ## - SUBJECT ADDED ENTRY--TOPICAL TERM |
| Topical term or geographic name entry element |
EXTENSION OF TIME |
| 650 ## - SUBJECT ADDED ENTRY--TOPICAL TERM |
| Topical term or geographic name entry element |
FORFEITURE |
| 650 ## - SUBJECT ADDED ENTRY--TOPICAL TERM |
| Topical term or geographic name entry element |
CRAWFORD V CLARKE |
| 650 ## - SUBJECT ADDED ENTRY--TOPICAL TERM |
| Topical term or geographic name entry element |
LAW OF PROPERTY ACT 1925 S146 |
| 650 ## - SUBJECT ADDED ENTRY--TOPICAL TERM |
| Topical term or geographic name entry element |
LEASEHOLD REPAIRS ACT 1938 |
| 650 ## - SUBJECT ADDED ENTRY--TOPICAL TERM |
| Topical term or geographic name entry element |
ALTERATIONS |
| 690 ## - LOCAL SUBJECT ADDED ENTRY--TOPICAL TERM (OCLC, RLIN) |
| Topical term or geographic name as entry element |
Dilapidations |
| 9 (RLIN) |
6235 |
| 942 ## - ADDED ENTRY ELEMENTS (KOHA) |
| Suppress in OPAC |
0 |